| 000 | 00602cam a22002175a 4500 | ||
|---|---|---|---|
| 001 | L159639 | ||
| 008 | 150226s2017 xxk f 000 0 eng d | ||
| 035 | _a(Sirsi) u159639 | ||
| 041 | 0 | _aeng | |
| 100 | 1 | _aBull, G. | |
| 245 | 0 | 0 | _aMetropolis now |
| 260 | _c2017 | ||
| 490 |
_aModus _vOctober 2017, 24-28 (5) |
||
| 520 | _aExplores the need of major cities across the globe for self-governance and greater allocation of resources. | ||
| 590 | _aKA | ||
| 650 | 2 | 4 | _aCITIES |
| 650 | 2 | 4 |
_aInfrastructure _96246 |
| 651 | 4 | _aInternational | |
| 690 |
_aPlanning and development _96259 |
||
| 942 | _n0 | ||
| 999 |
_c84886 _d84886 |
||